<?xml version="1.0" encoding="UTF-8"?>
<record
    xmlns:xsi="http://www.w3.org/2001/XMLSchema-instance"
    xsi:schemaLocation="http://www.loc.gov/MARC21/slim http://www.loc.gov/standards/marcxml/schema/MARC21slim.xsd"
    xmlns="http://www.loc.gov/MARC21/slim">

  <leader>02898nam a2200349M  4500</leader>
  <controlfield tag="001">991107052250506196</controlfield>
  <controlfield tag="005">20251020123920.0</controlfield>
  <controlfield tag="008">200916t20202019nyub   e      000 1 eng d</controlfield>
  <datafield tag="020" ind1=" " ind2=" ">
    <subfield code="a">9782290233795</subfield>
  </datafield>
  <datafield tag="035" ind1=" " ind2=" ">
    <subfield code="a">(OCoLC)1260634253</subfield>
  </datafield>
  <datafield tag="035" ind1=" " ind2=" ">
    <subfield code="a">(OCoLC)on1260634253</subfield>
  </datafield>
  <datafield tag="040" ind1=" " ind2=" ">
    <subfield code="a">TXHLC</subfield>
    <subfield code="b">eng</subfield>
    <subfield code="e">rda</subfield>
    <subfield code="c">TXHLC</subfield>
    <subfield code="d">OCLCO</subfield>
  </datafield>
  <datafield tag="041" ind1=" " ind2=" ">
    <subfield code="a">fre</subfield>
    <subfield code="h">eng</subfield>
  </datafield>
  <datafield tag="050" ind1=" " ind2=" ">
    <subfield code="a">PR9639.4 M876</subfield>
    <subfield code="b">T221 2018</subfield>
  </datafield>
  <datafield tag="100" ind1=" " ind2=" ">
    <subfield code="a">Morris, Heather</subfield>
    <subfield code="e">author</subfield>
    <subfield code="9">26192</subfield>
  </datafield>
  <datafield tag="240" ind1=" " ind2=" ">
    <subfield code="a">Tattooist of Auschwitz.</subfield>
    <subfield code="l">French.</subfield>
  </datafield>
  <datafield tag="245" ind1="1" ind2="0">
    <subfield code="a">Le tatoueur d'Auschwitz</subfield>
    <subfield code="c">/ Heather Morris ; translated by Jocelyne Barsse.</subfield>
  </datafield>
  <datafield tag="260" ind1=" " ind2=" ">
    <subfield code="a">Paris :</subfield>
    <subfield code="b">J'ai Lu,</subfield>
    <subfield code="c">2018.</subfield>
  </datafield>
  <datafield tag="300" ind1=" " ind2=" ">
    <subfield code="a">318 pages :</subfield>
    <subfield code="c">18 cm</subfield>
  </datafield>
  <datafield tag="520" ind1=" " ind2=" ">
    <subfield code="a">L'histoire vraie d'un homme et d'une femme qui ont trouv&#xE9; l'amour au coeur de l'enfer. Sous un ciel de plomb, des prisonniers d&#xE9;filent &#xE0; l'entr&#xE9;e du camp d'Auschwitz. Bient&#xF4;t, ils ne seront plus que des num&#xE9;ros tatou&#xE9;s sur le bras. C'est Lale, un d&#xE9;port&#xE9;, qui est charg&#xE9; de cette sinistre t&#xE2;che. Il travaille le regard riv&#xE9; au sol pour &#xE9;viter de voir la douleur dans les yeux de ceux qu'il marque &#xE0; jamais. Un jour, pourtant, il l&#xE8;ve les yeux sur Gita, et la jeune femme devient sa lumi&#xE8;re dans ce monde d'une noirceur infinie. Ils savent d'embl&#xE9;e qu'ils sont faits l'un pour l'autre. Dans cette prison o&#xF9; l'on se bat pour un morceau de pain et pour sauver sa vie, il n'y a pas de place pour l'amour. Ils doivent se contenter de minuscules moments de joie, qui leur font oublier le cauchemar du quotidien. Mais Lale fait une promesse &#xE0; Gita : un jour, ils seront libres et heureux de vivre ensemble.</subfield>
  </datafield>
  <datafield tag="520" ind1=" " ind2=" ">
    <subfield code="a">The true story of a man and a woman who found love in the heart of hell.

Under a heavy sky, prisoners march toward the gates of Auschwitz. Soon, they will be nothing more than numbers tattooed on their arms. Lale, himself a deportee, is tasked with this grim duty. He keeps his eyes fixed on the ground to avoid seeing the pain in the faces of those he marks forever.

One day, though, he looks up&#x2014;and meets Gita. She becomes his light in a world of endless darkness. From that moment, they know they are meant for each other. In this place where people fight for a crust of bread and for their very lives, there is no room for love. They must cling to fleeting moments of joy that make them forget the daily nightmare.

But Lale makes Gita a promise: one day, they will be free and live happily together.</subfield>
  </datafield>
  <datafield tag="610" ind1=" " ind2="0">
    <subfield code="a">Auschwitz (Concentration camp)</subfield>
    <subfield code="v">Fiction</subfield>
    <subfield code="9">26193</subfield>
  </datafield>
  <datafield tag="650" ind1=" " ind2="0">
    <subfield code="a">Holocaust, Jewish (1939-1945)</subfield>
    <subfield code="v">Fiction</subfield>
    <subfield code="9">22842</subfield>
  </datafield>
  <datafield tag="650" ind1=" " ind2="0">
    <subfield code="a">World War, 1939-1945</subfield>
    <subfield code="x">Jews</subfield>
    <subfield code="v">Fiction</subfield>
    <subfield code="9">26194</subfield>
  </datafield>
  <datafield tag="650" ind1=" " ind2="0">
    <subfield code="a">Tattoo artists</subfield>
    <subfield code="v">Fiction</subfield>
    <subfield code="9">26195</subfield>
  </datafield>
  <datafield tag="650" ind1=" " ind2="0">
    <subfield code="a">Man-woman relationships </subfield>
    <subfield code="v">Fiction</subfield>
    <subfield code="9">11134</subfield>
  </datafield>
  <datafield tag="650" ind1=" " ind2="0">
    <subfield code="a">Jews</subfield>
    <subfield code="z">Poland</subfield>
    <subfield code="v">Fiction</subfield>
    <subfield code="9">26196</subfield>
  </datafield>
  <datafield tag="655" ind1=" " ind2="0">
    <subfield code="a">Historical fiction</subfield>
    <subfield code="9">22722</subfield>
  </datafield>
  <datafield tag="655" ind1=" " ind2="0">
    <subfield code="a">Biographical fiction</subfield>
    <subfield code="9">23613</subfield>
  </datafield>
  <datafield tag="700" ind1=" " ind2=" ">
    <subfield code="a">Barsse, Jocelyne</subfield>
    <subfield code="9">26197</subfield>
    <subfield code="e">translator</subfield>
  </datafield>
  <datafield tag="942" ind1=" " ind2=" ">
    <subfield code="2">lcc</subfield>
  </datafield>
  <datafield tag="952" ind1=" " ind2=" ">
    <subfield code="0">0</subfield>
    <subfield code="1">0</subfield>
    <subfield code="2">lcc</subfield>
    <subfield code="4">0</subfield>
    <subfield code="7">0</subfield>
    <subfield code="a">TBS</subfield>
    <subfield code="b">TBS</subfield>
    <subfield code="d">2025-10-20</subfield>
    <subfield code="l">0</subfield>
    <subfield code="o">P-FR MOR</subfield>
    <subfield code="p">B07712</subfield>
    <subfield code="r">2025-10-20</subfield>
    <subfield code="t">1</subfield>
    <subfield code="w">2025-10-20</subfield>
    <subfield code="y">1</subfield>
  </datafield>
  <datafield tag="999" ind1=" " ind2=" ">
    <subfield code="c">5060</subfield>
    <subfield code="d">5060</subfield>
  </datafield>
</record>
